<?xml version='1.0' encoding='UTF-8'?><?xml-stylesheet href='static/style.xsl' type='text/xsl'?><OAI-PMH xmlns="http://www.openarchives.org/OAI/2.0/" xmlns:xsi="http://www.w3.org/2001/XMLSchema-instance" xsi:schemaLocation="http://www.openarchives.org/OAI/2.0/ http://www.openarchives.org/OAI/2.0/OAI-PMH.xsd"><responseDate>2026-04-30T16:38:34Z</responseDate><request verb="GetRecord" identifier="oai:ebiltegia.mondragon.edu:20.500.11984/4357" metadataPrefix="marc">https://ebiltegia.mondragon.edu/oai/request</request><GetRecord><record><header><identifier>oai:ebiltegia.mondragon.edu:20.500.11984/4357</identifier><datestamp>2024-01-04T21:56:56Z</datestamp><setSpec>com_20.500.11984_1736</setSpec><setSpec>com_20.500.11984_1627</setSpec><setSpec>col_20.500.11984_1972</setSpec></header><metadata><record xmlns="http://www.loc.gov/MARC21/slim" xmlns:dcterms="http://purl.org/dc/terms/" xmlns:xsi="http://www.w3.org/2001/XMLSchema-instance" xmlns:doc="http://www.lyncode.com/xoai" xsi:schemaLocation="http://www.loc.gov/MARC21/slim http://www.loc.gov/standards/marcxml/schema/MARC21slim.xsd">
   <leader>00925njm 22002777a 4500</leader>
   <datafield ind2=" " ind1=" " tag="042">
      <subfield code="a">dc</subfield>
   </datafield>
   <datafield ind2=" " ind1=" " tag="720">
      <subfield code="a">Mondragon Unibertsitatea</subfield>
      <subfield code="e">author</subfield>
   </datafield>
   <datafield ind2=" " ind1=" " tag="260">
      <subfield code="c">2015-09-01</subfield>
   </datafield>
   <datafield ind2=" " ind1=" " tag="520">
      <subfield code="a">Irailaren 15ean bukatuko da ezohiko epea matrikula egiteko Humanitate eta Hezkuntza Zientzien Fakultateko masterretan. 2015-2016 ikaturtean, hezkuntzarekin lotutako hiru unibertsitate master eskainiko ditu fakultateak: eskolak emateko gaitzen duen masterra, berrikuntza didaktiko eta metodologiko masterra eta hezkuntza testuinguru multikultural eta eleaniztunetan masterra. Gainera, 2016ko urtarriletik aurrera, Kirol-hezitzailea aditu titulu berria ere emango da Aretxabaletako campusean.</subfield>
   </datafield>
   <datafield ind2=" " ind1=" " tag="520">
      <subfield code="a">El próximo día 15 de septiembre finalizará el plazo de matriculación en los másteres en educación ofrecidos por la Facultad de Humanidades y Ciencias de la Educación. En el presente curso 2015-2016 serán tres los másteres en educación ofertados por la facultad: máster universitario en formación del profesorado, máster en innovación metodológica y el máster en educación en contextos multiculturales y plurilingües. Además, en enero de 2016 dará comienzo el nuevo título experto Educador/a deportivo/a.</subfield>
   </datafield>
   <datafield ind1="8" ind2=" " tag="024">
      <subfield code="a">https://hdl.handle.net/20.500.11984/4357</subfield>
   </datafield>
   <datafield tag="653" ind2=" " ind1=" ">
      <subfield code="a">Humanitate eta Hezkuntza Zientzien Fakultatea</subfield>
   </datafield>
   <datafield ind2="0" ind1="0" tag="245">
      <subfield code="a">Azken egunak matrikula egiteko hezkuntzako unibertsitate masterretan</subfield>
   </datafield>
   <datafield ind2="0" ind1="0" tag="245">
      <subfield code="a">Últimos días para matricularse en los másteres universitarios de educación</subfield>
   </datafield>
</record></metadata></record></GetRecord></OAI-PMH>